000 00846nam a2200217Ia 4500
001 14784
005 20260316155238.0
008 260306t2019||||xx |||||||||||||| ||spa||
041 _aESP
082 _a519.5
_bA59 2019
100 _aAnderson, David R.
_eAUT
245 0 _aEstadística para negocios y economía
260 _c2019
300 _axxxii, 1079 páginas :
_c27 cm.
650 _aGEN
654 _aCAN
856 _uhttps://itmsp.museknowledge.com/UCSP?url=https://www.ebooks7-24.com:443/?il=9468&pg=1
_zVersión digital
856 _uhttps://0u213sn1t-y-https-ebooks7--24-com.itmsp.museknowledge.com/biblioteca.aspx
_zVéase además: Base de datos Ebook7-24
856 _uhttps://0u20fsn1v-y-https-research-ebsco-com.itmsp.museknowledge.com/c/qxo6us/search
_zVéase además: Base de datos EBSCOhost
942 _cLIB
_dJUS
_fJUS
_2ddc
999 _c14784
_d14784